000 00408cam a22001457a 4500
008 180718b2006 xxu||||| |||| 00| 0 eng d
020 _a8122007074
082 _aA99/ T155
100 _aTandon, B.N.
245 _aPMO diary - II: the emergency
_cby B.N. Tandon
260 _aDelhi
_bKonark
_c2006
300 _a452p.
650 _aCivil service - Personal narratives
650 _aTandon, B.N. - Autobiography
999 _c405202
_d405202